Psychology subdisciplines - Statistics

General Stats
  • This quiz has been taken 49 times
  • The average score is 6 of 30
Answer Stats
Answer % Correct
Social Psychology
79%
Cognitive Psychology
76%
Clinical Psychology
74%
Developmental Psychology
71%
Biological Psychology
38%
Abnormal Psychology
36%
Forensic Psychology
31%
Neuropsychology
26%
Industrial Psychology
24%
Counseling Psychology
21%
Educational Psychology
21%
Organizational Psychology
21%
Personality Psychology
21%
School Psychology
19%
Psychopathology
17%
Evolutionary Psychology
12%
Health Psychology
10%
Physiological Psychology
7%
Psychometrics
7%
Legal Psychology
5%
Occupational Health Psychology
5%
Statistics
5%
Critical Psychology
2%
Ecological Psychology
2%
Mathematical Psychology
2%
Quantitative Psychology
2%
Comparative Psychology
0%
Global Psychology
0%
Psycholinguistics
0%
Reading and Study Skills
0%
No matching quizzes found
Score Distribution
Percent of People with Each Score
Percentile by Number Answered
Your Score History
You have not taken this quiz